| 000 | 00577nam a22001937a 4500 | ||
|---|---|---|---|
| 005 | 20251108172039.0 | ||
| 008 | 250721s1993 xx 000 0 ara d | ||
| 082 | 1 | 4 | _a218.32/عبد |
| 100 | 1 | _aملاعبه، عبد الحليم أحمد | |
| 245 | 1 | 0 |
_aالإدراك في فوائد عود الأراك : _bالسواك / |
| 250 | _aط3 | ||
| 264 | 1 |
_aالزرقاء : _bمكتبة الحرمين، _c1993. |
|
| 300 | _a74ص | ||
| 650 | 1 | 7 | _aالإسلام |
| 650 | 1 | 7 | _aالشعائر الدينية |
| 650 | 1 | 7 | _aالسواك |
| 942 |
_2ddc _cBK |
||
| 999 |
_c69090 _d69090 |
||